| 000 | 00392nam a2200145Ia 4500 | ||
|---|---|---|---|
| 008 | 191206s9999 xx 000 0 und d | ||
| 020 | _a9780393060751 (hbk.) | ||
| 090 | _aD117.45 | ||
| 245 | 0 | _aBarbarians to angels: the Dark Ages reconsidered | |
| 250 | _a1st ed. | ||
| 260 | _aW.W. Norton | ||
| 260 | _ccc2008 | ||
| 300 | _a"xv, 240 p. : ill., maps ; 22 cm." | ||
| 999 |
_c15526 _d15526 |
||